000 00451nam a2200205Ia 4500
005 20250425162651.0
008 250425s9999 xx 000 0 und d
020 _a0471427292
041 _aeng
082 _a551.46
100 _aINGHAM, A.E.
245 0 _aSEA SURVEYING
250 _aS.E
260 _aEstados Unidos
_bJOHN WILEY & SONS
_c1975
260 _aNEW YORK
300 _a306
650 _aMAR
942 _c01
010 _a95292
999 _c233964
_d233964